| 000 | 00583nam a22001937a 4500 | ||
|---|---|---|---|
| 999 |
_c2233 _d2233 |
||
| 003 | URS | ||
| 005 | 20220114142044.0 | ||
| 008 | 191106s2003 ph |||| |||| 00| 0 eng d | ||
| 020 | _a9718581650 | ||
| 040 |
_cURS _beng _drda |
||
| 050 | 1 | 4 |
_aPN 6122 _b.M4251 2003 |
| 100 | _aMatalang,Salvation T. | ||
| 245 | 1 | 0 |
_aSpeeches for all times _cSalvation T. Matalang, Joel Joseph L. Egipto, Lerma B. Egipto |
| 260 |
_aQuezonCity: _bGreat Books Trading; _c[2003] |
||
| 300 |
_av 249 pages; _c22 cm. |
||
| 650 | _2Speeches | ||
| 700 | _aEgipto,Joel Joseph L. Egipto,Lerma B. | ||
| 942 |
_2lcc _cF |
||